000 00750cam a2200157 4500500
005 20260405005045.0
041 _afre
042 _adc
100 1 0 _aMambrino, Jean
_eauthor
245 0 0 _aThéâtre
260 _c2002.
500 _a10
520 _aRésuméLes chrétiens espéraient l’établissement rapide d’un système politique respectueux des citoyens, de l’Eglise et de ses droits. Mais la force d’inertie est grande dans tous les « pays de l’Est », dans le contexte d’un effondrement des structures séculaires accentué par le marasme postcommuniste.
786 0 _nÉtudes | 397 | 7 | 2002-07-01 | p. 97-100 | 0014-1941
856 4 1 _uhttps://shs.cairn.info/revue-etudes-2002-7-page-97?lang=fr&redirect-ssocas=7080
999 _c2080608
_d2080608